| 000 | 00523nam a22001697a 4500 | ||
|---|---|---|---|
| 005 | 20251108164314.0 | ||
| 008 | 250721s1986 xx 000 0 ara d | ||
| 082 | 1 | 4 | _a417/محم |
| 100 | 1 | _aمحيسن، محمد سالم | |
| 245 | 1 | 0 | _aالمقتبس من اللهجات العربية و القرآنية / |
| 264 | 1 |
_aالاسكندرية : _bمؤسسة شباب الجامعة، _c1986. |
|
| 300 | _a166ص | ||
| 650 | 1 | 7 | _aاللغة العربية |
| 650 | 1 | 7 | _aاللهجات |
| 942 |
_2ddc _cBK |
||
| 999 |
_c8861 _d8861 |
||